Từ điển Văn hóa VN

محفوظ في:
التفاصيل البيبلوغرافية
التنسيق: غير معروف
منشور في: 2009
الوسوم: إضافة وسم
لا توجد وسوم, كن أول من يضع وسما على هذه التسجيلة!
Thư viện lưu trữ: Mạng thư viện Đại học Đà Nẵng
LEADER 00673na a2200205 4500
001 000032433
003 8521
005 20151002091337.0
008 151002s2009 000
082 |a 495.923 
245 |a Từ điển Văn hóa VN  |c Vũ Ngọc Khánh 
260 |c 2009 
OWN |a LNN 
AVA |a UDN50  |b LNN  |d 495.923  |e available  |t Error 5001 Not defined in file expand_doc_bib_avail.  |f 1  |g 0  |h N  |i 0  |k 1 
999 |a From the UDN01 
AVA |a UDN50  |b LNN  |d 495.923  |e available  |t Error 5001 Not defined in file expand_doc_bib_avail.  |f 1  |g 0  |h N  |i 0  |k 1 
TYP |a Printed language 
980 |a Mạng thư viện Đại học Đà Nẵng